000 02904nam0a2200457 4500
001 RU\NLR\bibl\743586
005 20260405081526.0
010 _a5-901267-69-9
_9150
021 _aRU
_b2004-71622
_93530
035 _aRSL-KNO-002501370
035 _a(NLR Aleph) 000733442
090 _a777182
_c777182
100 _a20041118d2004 |||y0rusy50 ca
101 0 _arus
102 _aRU
105 _aa |||||||||
106 _ar
200 1 _aАрхитектура транспортных сооружений
_eучеб. пособие для вузов ж.-д. трансп.
_fИ. Е. Сеськин, Б. Г. Иванов
_gМ-во путей сообщ. Рос. Федерации, Департамент кадров и учеб. заведений, Самар. гос. акад. путей сообщ.
210 _aСамара
_cСам. ГАПС
_d2004
_gТип. Рекламное агентство ДСМ
215 _a243 с.
_cил., карт., цв. ил.
_d22
320 _aБиблиогр.: с. 243 (9 назв.)
606 1 _aАрхитектура
_jРуководства, пособия и т.п. для высшей школы
_xИстория
_91020990
_3RU\NLR\auth\6672424
606 1 _aАрхитектура
_jУчебные издания для высших учебных заведений
_xИстория
_91020990
_3RU\NLR\auth\6672424
606 1 _aМосты
_jРуководства, пособия и т.п. для высшей школы
_xАрхитектура
_91023708
_3RU\NLR\auth\6673891
606 1 _aМосты
_jУчебные издания для высших учебных заведений
_xАрхитектура
_91023708
_3RU\NLR\auth\6673891
610 0 _aСтроительство -- История архитектуры -- Всеобщая история архитектуры -- Учебник для высшей школы
610 0 _aТранспорт -- Искусственные сооружения на транспорте -- Мосты -- Эргономические и технико-эстетические требования -- Учебник для высшей школы
610 0 _aархитектура мостов
_aмосты - архитектура
_aархитектурно-компоновочные решения мостов
686 _aН0(0)я73-1
_2rubbk
686 _aО112.2-022.17я73-1
_2rubbk
686 _aЩ113(0)я73
700 1 _aСеськин
_bИ. Е.
_gИван Ефимович
_4070
701 1 _4070
_8rus
_7ca
_aИванов
_bБ. Г.
_f1947-
_cд-р техн. наук, строительство
_gБорис Георгиевич
_3RU\NLR\AUTH\7728434
_911465
801 0 _aRU
_bRuMoRKP
_c20041118
_grcr
801 1 _aRU
_bRuMoRGB
_c20041118
801 2 _aRU
_bNLR
_c20050404
_gPSBO
830 _aАвт. по кн.
942 _cBOOK
980 _aNB